Star Wars: The Force Awakens characters - Statistics

General Stats
  • This quiz has been taken 425 times
  • The average score is 15 of 16
Answer Stats
Description Character % Correct
Wookiee who co-pilots the Millennium Falcon Chewbacca
99%
Stormtrooper who leaves the First Order Finn
99%
Smuggler and pilot of the Millennium Falcon Han Solo
99%
The last of the Jedi Luke Skywalker
99%
Scavenger from Jakku Rey
99%
First Order member who wields a red lightsaber Kylo Ren
98%
Droid who is friends with above BB-8
97%
General in the Resistance Leia Organa
97%
Protocol droid who is fluent in over six million forms of communication C-3PO
96%
Astromech droid once entrusted with the plans to the Death Star R2-D2
96%
Best X-Wing pilot in the Resistance Poe Dameron
95%
Leader of the First Order Supreme Leader Snoke
89%
Captain of the Stormtroopers Captain Phasma
86%
Owner of a castle on Takodana Maz Kanata
83%
General in the First Order General Hux
81%
Village elder on Jakku Lor San Tekka
37%
No matching quizzes found
Score Distribution
Percent of People with Each Score
Percentile by Number Answered
Your Score History
You have not taken this quiz